• 首页
  • 本馆介绍
  • 公告通知
  • 最新文献
  • 馆藏检索
  • 电子资源
  • 读者导购
  • 参考咨询
  • 我的图书馆
  • 登录
  • 详细信息显示
  • 放入我的书架
  • 预约/预借图书
  • 作者相关作品
  • 分类相关作品
  • 丛书相关作品
  • 出版社相关作品

书目信息

  • 表格格式
  • 工作单格式
  • 卡片格式
题名:
“一带一路”与中国对外投资
    
 
作者: ;中国(深圳)综合开发研究院 著
分册:  
出版信息: 北京   中国经济出版社  2020
页数: 262页
开本: 24cm
丛书名:
单 册:
中图分类: F125 , F832.6
科图分类:
主题词: “一带一路”--yi dai yi lu--国际合作--关系--对外投资--研究--中国
电子资源:
ISBN: 978-7-5136-5577-4
000 01638nam0 2200277 450
001 2158024702
005 20211011172911.0
010    @a978-7-5136-5577-4@dCNY68.00
100    @a20200713d2020 em y0chiy0120 ea
101 0  @achi
102    @aCN@b110000
105    @aa z 000yy
106    @ar
200 1  @a“一带一路”与中国对外投资@Ayi dai yi lu yu zhong guo dui wai tou zi@e新机遇、新合作与新路径@dBRI and Chinese outbound investment@enew opportunities, cooperation and approaches@f中国(深圳)综合开发研究院著@zeng
210    @a北京@c中国经济出版社@d2020
215    @a262页@c图@d24cm
300    @a深圳市综研软科学发展基金会资助出版
330    @a近年来,受到全球对外投资形势低迷、国际政局不稳定、中美贸易摩擦、国际技术封锁等一系列因素影响,我国对外投资环境面临空前的外部压力。与此同时,我国对外投资本身缺乏战略性的指引和对当地投资环境、投资政策的专业判断,对外投资存在较大的“自发性”和“盲目性”,导致对外投资区域和行业分布多而散,企业单打独斗、彼此孤立的现象普遍,经常受到东道国及宗主国的“刁难”。本书对此现状进行了深入探讨,使我们更加充分认识到了当前对外投资内、外部形势的严峻性,探索了如何建立有效的引导机制和风险规避机制,更好地服务和推动企业“走出去”。
510 1  @aBRI and Chinese outbound investment@enew opportunities, cooperation and approaches@zeng
517 1  @a新机遇、新合作与新路径@Axin ji yu xin he zuo yu xin lu jing
606 0  @a“一带一路”@Ayi dai yi lu@x国际合作@x关系@x对外投资@x研究@y中国
690    @aF125@v5
690    @aF832.6@v5
711 02 @a中国(深圳)综合开发研究院@Azhong guo shen zhen zong he kai fa yan jiu yuan@4著
801  0 @aCN@b百万庄@c20211007
905    @b1306761-64@dF125@e394@f4
    
    “一带一路”与中国对外投资:新机遇、新合作与新路径=BRI and Chinese outbound investment:new opportunities, cooperation and approaches/中国(深圳)综合开发研究院著.-北京:中国经济出版社,2020
    262页:图;24cm
    深圳市综研软科学发展基金会资助出版
    
    ISBN 978-7-5136-5577-4:CNY68.00
    近年来,受到全球对外投资形势低迷、国际政局不稳定、中美贸易摩擦、国际技术封锁等一系列因素影响,我国对外投资环境面临空前的外部压力。与此同时,我国对外投资本身缺乏战略性的指引和对当地投资环境、投资政策的专业判断,对外投资存在较大的“自发性”和“盲目性”,导致对外投资区域和行业分布多而散,企业单打独斗、彼此孤立的现象普遍,经常受到东道国及宗主国的“刁难”。本书对此现状进行了深入探讨,使我们更加充分认识到了当前对外投资内、外部形势的严峻性,探索了如何建立有效的引导机制和风险规避机制,更好地服务和推动企业“走出去”。
●
相关链接 在E读中查询图书 在五车中查询图书 在当当中查询图书 在豆瓣中查询图书


正题名:"一带一路"与中国对外投资     索取号:F125/394         预约/预借

序号 登录号 条形码 馆藏地/架位号 状态 备注
1 1306761   213067615   第一样本阅览室/ [索取号:F125/394] 在馆    
2 1306762   213067624   第一借阅区/ [索取号:F125/394] 在馆    
3 1306763   213067633   第一借阅区/ [索取号:F125/394] 在馆    
4 1306764   213067642   第一借阅区/ [索取号:F125/394] 在馆    
唐山师范学院图书馆 欢迎您!
大连网信软件有限公司© 版权所有